2023 NCAA Football Preseason Rankings - Statistics

General Stats
  • This quiz has been taken 86 times
  • The average score is 21 of 25
Answer Stats
Rank Team % Correct
4 Alabama
100%
1 Georgia
99%
2 Michigan
99%
3 Ohio State
99%
15 Oregon
94%
11 Texas
94%
10 Washington
92%
9 Clemson
90%
6 USC
90%
8 Florida State
89%
7 Penn State
89%
12 Tennessee
89%
23 Texas A&M
87%
20 Oklahoma
86%
25 Iowa
82%
5 LSU
80%
17 TCU
80%
14 Utah
75%
16 Kansas State
73%
13 Notre Dame
72%
22 Mississippi
69%
19 Wisconsin
69%
18 Oregon State
62%
21 UNC
56%
24 Tulane
37%
No matching quizzes found
Score Distribution
Percent of People with Each Score
Percentile by Number Answered
Your Score History
You have not taken this quiz